<?xml version="1.0" encoding="UTF-8"?>
<record
    xmlns:xsi="http://www.w3.org/2001/XMLSchema-instance"
    xsi:schemaLocation="http://www.loc.gov/MARC21/slim http://www.loc.gov/standards/marcxml/schema/MARC21slim.xsd"
    xmlns="http://www.loc.gov/MARC21/slim">

  <leader>02244nam a22002657a 4500</leader>
  <controlfield tag="003">OSt</controlfield>
  <controlfield tag="005">20210323111854.0</controlfield>
  <controlfield tag="008">210323s2011    ck ||||gr|||| 001 0dspa d</controlfield>
  <datafield tag="020" ind1=" " ind2=" ">
    <subfield code="a">9789589863749</subfield>
  </datafield>
  <datafield tag="040" ind1=" " ind2=" ">
    <subfield code="a">CO-JMCR</subfield>
    <subfield code="c">CO-JMCR</subfield>
  </datafield>
  <datafield tag="041" ind1="0" ind2=" ">
    <subfield code="a">spa</subfield>
  </datafield>
  <datafield tag="082" ind1="0" ind2="4">
    <subfield code="a">336.23 / </subfield>
    <subfield code="b">C172i</subfield>
    <subfield code="2">21</subfield>
  </datafield>
  <datafield tag="100" ind1="1" ind2=" ">
    <subfield code="a">Camacho Montoya, &#xC1;lvaro, </subfield>
    <subfield code="e">autor</subfield>
    <subfield code="9">20058</subfield>
  </datafield>
  <datafield tag="245" ind1="1" ind2="3">
    <subfield code="a">El impuesto predial : </subfield>
    <subfield code="b">an&#xE1;lisis desde una perspectiva nacional : vinculo con el Catastro / </subfield>
    <subfield code="c">&#xC1;lvaro Camacho Montoya</subfield>
  </datafield>
  <datafield tag="260" ind1=" " ind2=" ">
    <subfield code="a">Bogot&#xE1; : </subfield>
    <subfield code="b">Instituto Colombiano de Derecho Tributario, </subfield>
    <subfield code="c">2011</subfield>
  </datafield>
  <datafield tag="300" ind1=" " ind2=" ">
    <subfield code="a">214 p&#xE1;ginas ; </subfield>
    <subfield code="c">24 cm.</subfield>
  </datafield>
  <datafield tag="500" ind1=" " ind2=" ">
    <subfield code="a">Incluye notas a pie de p&#xE1;ginas e &#xED;ndice alfab&#xE9;tico.</subfield>
  </datafield>
  <datafield tag="504" ind1=" " ind2=" ">
    <subfield code="a">Bibliograf&#xED;a: p&#xE1;ginas 198-202</subfield>
  </datafield>
  <datafield tag="505" ind1="0" ind2=" ">
    <subfield code="a">Historia y concepto del Impuesto Predial -- Aspectos generales del Impuesto Predial -- Elementos del impuesto predial -- Vinculo entre el Impuesto Predial y el Catastro -- Aspectos espec&#xED;ficos del Impuesto Predial -- Porcentaje ambiental de los grav&#xE1;menes a la Propiedad inmueble -- Compensaci&#xF3;n del Impuesto Predial </subfield>
  </datafield>
  <datafield tag="520" ind1="3" ind2=" ">
    <subfield code="a">En Colombia existen alrededor de catorce millones de predios registrados en los catastros, lo que nos da una idea de la relevancia y el impacto del Impuesto Predial. Este gravamen causa, adem&#xE1;s, una especial sensibilidad en la poblaci&#xF3;n. Lo anterior se aprecia f&#xE1;cilmente cuando una norma incrementa las tarifas, o cuando el Catastro realiza su labor de actualizaci&#xF3;n del valor de lo predios.
En la obra se presenta un breve relato sobre los antecedentes hist&#xF3;ricos del Impuesto Predial y su evoluci&#xF3;n en el pa&#xED;s, se analizan los diversos sistemas para su determinaci&#xF3;n (facturaci&#xF3;n, autoaval&#xFA;o y mixto)y los elementos que componen el impuesto (sujetos pasivos, hecho generador, base gravable, tarifas, etc.) desde una perspectiva de la legislaci&#xF3;n nacional. Tambi&#xE9;n se presentan algunas reflexiones e inquietudes sobre la estructura del tributo en general y su futuro. Finalmente se incluye un anexo de las m&#xE1;s importantes disposiciones del orden nocional de los &#xFA;ltimos 20 a&#xF1;os.</subfield>
  </datafield>
  <datafield tag="650" ind1="1" ind2="4">
    <subfield code="a">Impuesto Predial</subfield>
    <subfield code="v">Historia</subfield>
    <subfield code="z">Colombia</subfield>
    <subfield code="9">36422</subfield>
  </datafield>
  <datafield tag="650" ind1="2" ind2="4">
    <subfield code="a">Impuesto predial</subfield>
    <subfield code="z">Colombia</subfield>
    <subfield code="9">36423</subfield>
  </datafield>
  <datafield tag="650" ind1="2" ind2="4">
    <subfield code="a">Impuestos inmobiliarios</subfield>
    <subfield code="z">Colombia</subfield>
    <subfield code="9">36424</subfield>
  </datafield>
  <datafield tag="942" ind1=" " ind2=" ">
    <subfield code="2">ddc</subfield>
    <subfield code="c">BK</subfield>
  </datafield>
  <datafield tag="999" ind1=" " ind2=" ">
    <subfield code="c">15462</subfield>
    <subfield code="d">15462</subfield>
  </datafield>
  <datafield tag="952" ind1=" " ind2=" ">
    <subfield code="0">0</subfield>
    <subfield code="1">0</subfield>
    <subfield code="2">ddc</subfield>
    <subfield code="4">0</subfield>
    <subfield code="7">0</subfield>
    <subfield code="8">NFIC</subfield>
    <subfield code="a">CPL</subfield>
    <subfield code="b">CPL</subfield>
    <subfield code="d">2020-10-02</subfield>
    <subfield code="e">Donaci&#xF3;n</subfield>
    <subfield code="l">1</subfield>
    <subfield code="o">336.23 /  C172i</subfield>
    <subfield code="p">201810802</subfield>
    <subfield code="r">2025-04-09 09:19:50</subfield>
    <subfield code="s">2025-04-08</subfield>
    <subfield code="t">Ej.1</subfield>
    <subfield code="w">2021-03-23</subfield>
    <subfield code="y">BK</subfield>
  </datafield>
</record>
